| 000 | 00457nam a22001337a 4500 | ||
|---|---|---|---|
| 003 | OSt | ||
| 005 | 20240320114629.0 | ||
| 008 | 240320b |||||||| |||| 00| 0 eng d | ||
| 040 | _cCentral Library MRSPTU | ||
| 100 | _aFidel Castro (ਫਿਡੇਲ ਕਾਸਟਰੋ) | ||
| 245 | _aHistory will prove me right (ਇਤਿਹਾਸ ਮੈਨੂੰ ਸਹੀ ਸਾਬਤ ਕਰੇਗਾ) | ||
| 260 |
_aBarnala _bTarkbharti Publication _c2005 |
||
| 942 |
_2ddc _cBK _n0 |
||
| 999 |
_c9903 _d9903 |
||